LEADER 01741nam a2200301 i 4500 001 000000214153 003 CaOOAMICUS 005 20230131124059.0 008 120626s1789 it u000 u ita u 026 $ab-na z-a- a-s- tado (3) 1789 (R) 040 $aSeMil$bita 100 1 $aSarnelli, Pompeo,$c.$0(OLS)http://semarc/name/18118 245 10$aGuida de' forestieri per Pozzuoli, Baja, Cuma, e Miseno. Si dà conto preciso di molti edifizj sacri, pubblici e privati non meno greci, che romani. Si descrivono i bagni, e le terme .. 250 $aEdizione novissima corretta con diligenza ed arricchita di molte note. 264 1$aNapoli :$bA spese di Nunzio Rossi,$c1789. 300 $aXI, [1], 215, [1] p., 22 carte di tav., di cui 2 ripieg. :$bill. ;$c12°. 500 $aI nomi dell'autore e dell'illustratore, Antonio Bulifon, dalla pref. 500 $aSegn.: pg6 A-I12 500 $aNelle note citazioni dall'opera di Niccolò Carletti 650 4$aPozzuoli - Guide.$0(OLS)http://semarc/subject/39969 700 1 $aCarletti, Niccolò <1723?-1796?>.$0(OLS)http://semarc/name/76222 700 1 $aBulifon, Antonio,$d<1649-1707>.$0(OLS)http://semarc/name/76224 710 0 $aRossi, Nunzio$c.$0(OLS)http://semarc/name/76223 850 $aSeMil 852 $aSeMil$W1$xVenegono$y1$m4Y II 2 FA$j164581$B164581$CSeMilBibl$Z2$F175581 $8I 996 $6245$aGuida de' forestieri per Pozzuoli, Baja, Cuma, e Miseno. Si dà conto preciso di molti edifizj sacri, pubblici e privati non meno greci, che romani. Si descrivono i bagni, e le terme ..$9(OLS)http://semarc/title/308616 996 $6264$aNapoli :$bA spese di Nunzio Rossi$9(OLS)http://semarc/publisher/52833 LEADER 02026nam a2200277 i 4500 001 000000241077 003 CaOOAMICUS 005 20150422000000.0 008 150422s1653 it u000 u lat u 013 $a219982 026 $ainu- s.d. i-am rude (3) 1653 (R) 040 $aSeMil$bita 245 10$aTomus quintus. Complectens patriarchales in Italia singularis dignitatis ecclesias, earumque suffraganeos episcopatus, qui in Foro-Iulij, Venetorumque dominio enumerantur. .. 260 $aRomae :$bTypis Vitalis Mascardi,$c1653. 260 $aRomae :$bSumptibus Blasij Deversin & Zenobij Masotti,$c1653. 300 $a[16] p., 1638 [i.e. 1636] col., [62] p. :$bill. :$bstemmi. 500 $aSegn. : ?8 A-4C6 4D8. - Omesse nella num. le col. 625-626. 500 $aMarca editoriale: Marca composita con le insegne dei due tipografi: a destra una regina (Diversino), a sinistra una nave (Masotti) in una cornice vegetale; in basso iniz. BD e ZM (O1028) Sul front. 773 0 $aUghelli, Ferdinando <1595-1670>$tItalia sacra sive De episcopis Italiae et insularum adiacentium, rebusque ab iis praeclare gestis, deducta serie ad nostram usque aetatem. Opus singulare provincijs 20. distinctum. In quo ecclesiarum origines, urbium conditiones, principum donationes, recondita monumenta in lucem proferuntur. ... Authore D. Ferdinando Ughello Florentino abbate ...Tomus 1. [-9.].$dRomae : Apud Bernardinum Tanum, 1644-1662.$g5$w()31780 850 $aSeMil 852 $aSeMil$W1$xVenegono$y1$m3D VI 51 FA$j191423$B191423$CSeMilBibl$Z2$F202232 $8I 941 1 $a10 961 $aRecupero: Mantegazza 996 $6245$aTomus quintus. Complectens patriarchales in Italia singularis dignitatis ecclesias, earumque suffraganeos episcopatus, qui in Foro-Iulij, Venetorumque dominio enumerantur. ..$9(OLS)http://semarc/title/342744 996 $6260$aRomae :$bSumptibus Blasij Deversin & Zenobij Masotti$9(OLS)http://semarc/publisher/54533 996 $6260$aRomae :$bTypis Vitalis Mascardi$9(OLS)http://semarc/publisher/54534